000 00675nam a2200289Ia 4500
005 20260324150843.0
008 008 260324s9999 xx 000 0 eng d
020 _a9780429283383
037 _aEBOOK
040 _aCRL
040 _beng
040 _cCRL
041 _2eng
041 _aeng
084 _qCRL
100 _aRoss J. S. Hoffman
_91227849
245 0 _aGreat Britain and the German Trade Rivalry
245 0 _b1875-1914
260 _bTaylor and Francis
260 _c1933
365 _a
365 _b205
856 _uhttp://www.taylorfrancis.com/books/9780429283383
942 _cEBOOK
999 _c1838025
_d1838025